Giáo trình vận trù học 1 : Các mô hình tất định

Tallennettuna:
Bibliografiset tiedot
Päätekijä: Hồ, Thanh Phong
Aineistotyyppi: Kirja
Kieli:Undetermined
Julkaistu: Thành phố Hồ Chí Minh Đại Học Quốc Gia 2003
Aiheet:
Tagit: Lisää tagi
Ei tageja, Lisää ensimmäinen tagi!
Thư viện lưu trữ: Trung tâm Học liệu Trường Đại học Cần Thơ
LEADER 00658nam a2200229Ia 4500
001 CTU_121929
008 210402s9999 xx 000 0 und d
020 |c 22000 
082 |a 658.4034 
082 |b Ph431 
100 |a Hồ, Thanh Phong 
245 0 |a Giáo trình vận trù học 1 : 
245 0 |b Các mô hình tất định 
245 0 |c Hồ Thanh Phong 
260 |a Thành phố Hồ Chí Minh 
260 |b Đại Học Quốc Gia 
260 |c 2003 
526 |a Vận trù học 
526 |b CN135 
650 |a Operations research 
904 |i Minh 
980 |a Trung tâm Học liệu Trường Đại học Cần Thơ